000 00447nam a2200169Ia 4500
003 GCL
008 140319s9999 xx 000 0 eng d
040 _aGCL /
_cGCL
082 0 4 _a620.0011
_bW M
100 1 _aWYMOER, WAYNE
245 1 0 _aMODEL - BARDE SYSTEM ENGINEERING /
_cWYMOER, WAYNE
260 _a[S.N] :
_bCRC PRESS ،
_c1993
300 _a710 P
650 0 4 _aالتحليل الرياضى
650 0 4 _aSYSTEM DESIGN
942 _2ddc
_cBK
999 _c10434
_d10434